000 00347nam a2200133Ia 4500
008 240624s9999 xx 000 0 und d
041 _aeng
082 _a338.927 HUM
100 _aHUMES EDWARD
245 _aFORCE OF NATURE THE UNLIKELY STORY OF WA
260 _c2011
_aNew York
_bHarper Business
300 _a265 : p. : cm. ; 23
365 _c
_b28
999 _c21341
_d21341